|
|
|
|
| LEADER |
01119nam a2200277 a 4500 |
| 001 |
000159021 |
| 003 |
CZ BrMZK |
| 005 |
20091006125348.0 |
| 007 |
ta |
| 008 |
970107s1980 xr f cze d |
| 040 |
|
|
|a BOA001
|b cze
|
| 100 |
1 |
|
|a Krátký, Karel,
|d 1930-
|7 jk01062938
|4 aut
|
| 245 |
1 |
0 |
|a Odznak odbornosti - Střelec :
|b rady a návody k plnění odznaku odbornosti Střelec /
|c il. Bedřich Skála
|
| 250 |
|
|
|a 1. vyd.
|
| 260 |
|
|
|a Praha :
|b Mladá fronta,
|c 1980
|
| 300 |
|
|
|a 99 s.
|
| 490 |
1 |
|
|a Odznaky odbornosti ;
|v sv. 20.
|
| 504 |
|
|
|a Obsahuje bibliografii
|
| 710 |
2 |
|
|a Pionýr (spolek).
|b Česká rada
|7 kn20010711356
|
| 830 |
|
0 |
|a Odznaky odbornosti
|0 s
|
| 910 |
|
|
|a BOA001
|b PK-A-0017.473
|b 1-0819.119
|
| 964 |
|
|
|a Odznak odbornosti (Střelec) - získání - návody
|
| 990 |
|
|
|a BK
|
| 996 |
7 |
|
|b 2619576423
|c 1-0819.119
|l MZK
|r Sklad / do 1 hodiny
|n 0
|w 000159021
|u 000030
|a 1
|e BOA001
|j MZK50
|s A
|
| 996 |
7 |
|
|b 3119950533
|c PK-A-0017.473
|l MZK
|r Sklad / do 1 hodiny
|n 0
|w 000159021
|u 000010
|a 1
|e BOA001
|j MZK50
|s A
|
| 996 |
6 |
|
|b BC-164755
|c PK-A-0017.473
|l MZK
|r Sklad / do 1 hodiny
|n 0
|w 000159021
|u 000020
|a 1
|e BOA001
|j MZK50
|s P
|